000
00206 a2200097 4500
001
52541
100
_a
Mazel J
245
_a
The Beverly Hills Diet
260
_a
London
_b
Granada
_c
090
_c
33028
_d
33028
942
_a
NUST-CAE
_c
M
_c
25590
999
_c
287614
_d
287614